| 000 | 00852nam a22002177a 4500 | ||
|---|---|---|---|
| 003 | OSt | ||
| 005 | 20260124085858.0 | ||
| 008 | 230621b ||||| |||| 00| 0 eng d | ||
| 020 | _a9789744019127 | ||
| 040 | _cSSBUL | ||
| 082 |
_223 _a294.3443 |
||
| 100 | 0 |
_aပူႇထီး ဝၸိတ်တထမ်မ၊ _cၸဝ်ႈ။ _926463 |
|
| 245 | 1 | 0 |
_aဢၼတ်တသုတ်းယွတ်ႈ / _cၸဝ်ႈပူႇထီး ဝၸိတ်တထမ်မ။ |
| 260 |
_aၵုင်းထဵပ်ႈ၊ _bပေႃးရိသၢတ်ႇ ထီႇၶိဝ်ႇၽီႇ၊ _c2010 ။ |
||
| 300 |
_a144 ၼႃႈ၊ _bပႃးႁၢင်ႈ၊ _c21 ၸိၼ်ႇတီႇ။ |
||
| 500 | _aS-SAT: Dr. Prof Sai Aung Tun | ||
| 650 | _aတြႃးၽြႃးပဵၼ်ၸဝ်ႈ | ||
| 942 | _cBK | ||
| 942 | _2ddc | ||
| 942 | _2ddc | ||
| 999 |
_c26101 _d26101 |
||